01020nam a2200229 a 450000100100000000500170001000800410002702000180006804000250008608200150011110000300012624501930015626000490034930000350039850000730043350400320050670000380053870000380057671000460061495201130066099900170077300004322420201002040734.0140226s2012 dr ac 000 0 spa d a9789945416411 aDO-SdBNPbspacBNPHU axxxxbxxxx1 aSánchez, Ceinett97081410aComunicación, emergencias y desastres :bperiodismo ciudadano digital /cCeinett Sánchez ; prólogo Manuel A. Quiroz Osiris de León ; presentación José Andrés Aybar sánchez. aSanto Domingo :bEdiciones Unicaribe,c2012. a219 P :bil., retrs. ;c23 cm. aIncluye datos biográficos de la autora en la solapa de la cubierta aBibliografía : p. 216-21812aQuiroz, Manuel A.epról.97081512aLeón, Osiris deepról.97081622aUniversidad del Caribe (UNICARIBE)959912 0010718PDaPDbPDcCTd2014-02-26iLF1l0oxxxx xxxxp43224-10r2020-06-25w2020-06-25yLFPDZNo se presta c42713d42713